[Event "Florianopolis Winter op 6th"]
[Site "Florianopolis"]
[Date "2022.07.17"]
[Round "9"]
[White "Desideri, Enzo Piuchi"]
[Black "Pasqualotto, Amos Petronio"]
[Result "0-1"]
[WhiteElo "1800"]
[BlackElo "1387"]
[PlyCount "120"]
[EventDate "2022.07.13"]
[EventType "swiss"]
[EventRounds "9"]
[EventCountry "BRA"]
[SourceTitle "CBM 209 Extra"]
[Source "ChessBase"]
[SourceDate "2022.09.30"]
[SourceVersion "1"]
[SourceVersionDate "2022.09.30"]
[SourceQuality "1"]

1. e4 g6 2. d4 Bg7 3. Nf3 d6 4. Nc3 Nf6 5. Bc4 0-0 6. 0-0 Nbd7 7. Bf4 c5 8. dxc5 Nxc5 9. Re1 a6 10. a4 Be6 11. b3 Bxc4 12. bxc4 Nfd7 13. Qd2 Nb6 14. e5 Nxc4 15. Qd4 Nxe5 16. Bxe5 Ne6 17. Qd5 dxe5 18. Qxd8 Rfxd8 19. Rad1 Rxd1 20. Rxd1 Rd8 21. Rxd8+ Nxd8 22. Nd5 Nc6 23. c4 e6 24. Nc7 Kf8 25. Na8 Bf6 26. Nb6 Be7 27. c5 Bxc5 28. Nd7+ Ke8 29. Nxc5 b5 30. axb5 axb5 31. Ng5 h6 32. Nge4 b4 33. Nd6+ Ke7 34. Nc4 f6 35. g3 Nd4 36. Nd2 Kd6 37. Ncb3 Nxb3 38. Nxb3 Kd5 39. Kf1 Kc4 40. Nd2+ Kd3 41. Ke1 e4 42. f3 exf3 43. Nxf3 b3 44. Nd2 Kc2 45. Ke2 b2 46. h4 b1Q 47. Nxb1 Kxb1 48. Kf3 Kc2 49. Ke2 Kc3 50. Ke3 Kc4 51. Ke4 Kc5 52. Kf3 Kd5 53. Kf4 Kd4 54. Kg4 e5 55. h5 f5+ 56. Kh4 g5+ 57. Kh3 e4 58. Kg2 Kd3 59. Kf1 Kd2 60. Kf2 e3+ 0-1

[Event "Florianopolis Autumn op U1800"]
[Site "Florianopolis"]
[Date "2022.05.15"]
[Round "6"]
[White "Silveiro, Miguel Hedler"]
[Black "Pasqualotto, Amos Petronio"]
[Result "1-0"]
[WhiteElo "1800"]
[BlackElo "1398"]
[PlyCount "91"]
[EventDate "2022.05.13"]
[EventType "swiss"]
[EventRounds "6"]
[EventCountry "BRA"]
[SourceTitle "CBM 208 Extra"]
[Source "ChessBase"]
[SourceDate "2022.07.31"]
[SourceVersion "1"]
[SourceVersionDate "2022.07.31"]
[SourceQuality "1"]

1. e4 g6 2. d4 Bg7 3. Nc3 d6 4. Be3 Nf6 5. h3 0-0 6. Qd2 Nbd7 7. Bh6 c5 8. Bxg7 Kxg7 9. g4 cxd4 10. Qxd4 Qb6 11. Qxb6 Nxb6 12. Nge2 Nc4 13. 0-0-0 Rb8 14. Ng3 Ne5 15. g5 Ng8 16. Be2 f6 17. f4 Nf7 18. h4 fxg5 19. hxg5 e6 20. Rh4 Ne7 21. Bc4 a6 22. a4 Bd7 23. Nge2 b5 24. axb5 axb5 25. Bb3 Nc6 26. Nd4 Nxd4 27. Rxd4 Rfd8 28. Rd2 b4 29. Ne2 Ra8 30. Kb1 Ra7 31. Nc1 Rda8 32. Na2 Ba4 33. Nxb4 Bxb3 34. cxb3 Ra1+ 35. Kc2 Rb8 36. Kc3 Rc8+ 37. Kd3 Rf1 38. Ke2 Rcc1 39. Nd3 Ra1 40. b4 e5 41. fxe5 Nxe5 42. Nxe5 Rae1+ 43. Kd3 dxe5 44. Rc2 Rf3+ 45. Kc4 Rxe4+ 46. Rxe4 1-0

[Event "Florianopolis Autumn op U1800"]
[Site "Florianopolis"]
[Date "2022.05.14"]
[Round "3"]
[White "Verlindo, Rogerio Rodrigues"]
[Black "Pasqualotto, Amos Petronio"]
[Result "1-0"]
[WhiteElo "1800"]
[BlackElo "1398"]
[PlyCount "139"]
[EventDate "2022.05.13"]
[EventType "swiss"]
[EventRounds "6"]
[EventCountry "BRA"]
[SourceTitle "CBM 208 Extra"]
[Source "ChessBase"]
[SourceDate "2022.07.31"]
[SourceVersion "1"]
[SourceVersionDate "2022.07.31"]
[SourceQuality "1"]

1. e4 e5 2. Nf3 Nf6 3. Nc3 Bb4 4. a3 Bxc3 5. dxc3 Nc6 6. Bg5 h6 7. Bh4 g5 8. Bg3 d6 9. Bc4 Be6 10. Bxe6 fxe6 11. Qe2 Qd7 12. 0-0-0 0-0-0 13. Bxe5 Nxe5 14. Nxe5 Qe8 15. Nc4 Qc6 16. Rhe1 e5 17. f3 Rhg8 18. Ne3 Qd7 19. Nf5 h5 20. c4 g4 21. c5 d5 22. c6 Qe8 23. cxb7+ Kxb7 24. Rd3 gxf3 25. Rb3+ Ka8 26. gxf3 d4 27. Qa6 Rb8 28. Rxb8+ Kxb8 29. Qxf6 Rg6 30. Qh4 Qb5 31. Ng3 d3 32. Qd8+ Kb7 33. Qxd3 Qxd3 34. cxd3 h4 35. Rg1 hxg3 36. hxg3 Rf6 37. g4 Rxf3 38. Kc2 Rf2+ 39. Kc3 Rf8 40. g5 Rg8 41. d4 exd4+ 42. Kxd4 Kc8 43. e5 Kd7 44. Kd5 Ke7 45. g6 Rd8+ 46. Ke4 Ke6 47. g7 Rg8 48. b4 c6 49. a4 Ke7 50. Kf5 Kd7 51. e6+ Ke7 52. Kg6 Kxe6 53. Kh7 Rxg7+ 54. Rxg7 a6 55. Ra7 Kd5 56. Rxa6 c5 57. bxc5 Kxc5 58. Kg6 Kb4 59. Rc6 Kxa4 60. Rb6 Ka5 61. Rb8 Ka4 62. Kf5 Ka3 63. Ke4 Ka2 64. Rb7 Ka3 65. Kd4 Ka4 66. Kc5 Ka3 67. Kc4 Ka2 68. Kc3 Ka1 69. Kc2 Ka2 70. Ra7# 1-0

[Event "Florianopolis Autumn op U1800"]
[Site "Florianopolis"]
[Date "2022.05.13"]
[Round "1"]
[White "De Oliveira, Jairo Quintiliano"]
[Black "Pasqualotto, Amos Petronio"]
[Result "1-0"]
[WhiteElo "1757"]
[BlackElo "1398"]
[PlyCount "67"]
[EventDate "2022.05.13"]
[EventType "swiss"]
[EventRounds "6"]
[EventCountry "BRA"]
[SourceTitle "CBM 208 Extra"]
[Source "ChessBase"]
[SourceDate "2022.07.31"]
[SourceVersion "1"]
[SourceVersionDate "2022.07.31"]
[SourceQuality "1"]

1. e4 e5 2. Nf3 Nf6 3. Nxe5 d6 4. Nf3 Nxe4 5. d4 d5 6. Bd3 Nf6 7. 0-0 Be7 8. Re1 0-0 9. Bg5 Bg4 10. Nbd2 Nbd7 11. c3 c6 12. Qc2 Re8 13. Re3 Bf8 14. Bxh7+ Kh8 15. Rxe8 Qxe8 16. Re1 Qc8 17. Bf5 Bxf5 18. Qxf5 Qc7 19. Ne5 Nxe5 20. dxe5 Nh7 21. Re3 g6 22. Qg4 Nxg5 23. Qxg5 Kg8 24. e6 fxe6 25. Qxg6+ Qg7 26. Qxe6+ Qf7 27. Nf3 Qxe6 28. Rxe6 Rd8 29. Kf1 Bg7 30. Re7 d4 31. cxd4 Bxd4 32. Nxd4 Rxd4 33. Rxb7 a5 34. Ke2 1-0

[Event "BRA-ch 87th"]
[Site "Cuiaba"]
[Date "2021.11.03"]
[Round "10"]
[White "Oliveira, Joao Victor Da Silv"]
[Black "Pasqualotto, Amos Petronio"]
[Result "0-1"]
[WhiteElo "1433"]
[BlackElo "1436"]
[PlyCount "36"]
[EventDate "2021.10.28"]
[EventType "swiss"]
[EventRounds "11"]
[EventCountry "BRA"]
[SourceTitle "CBM 205 Extra"]
[Source "ChessBase"]
[SourceDate "2022.01.31"]
[SourceVersion "1"]
[SourceVersionDate "2022.01.31"]
[SourceQuality "1"]

1. e4 c6 2. c4 g6 3. Nf3 Bg7 4. d4 d6 5. Be2 Bg4 6. b3 c5 7. Bb2 Nc6 8. h3 Bxf3 9. Bxf3 Nxd4 10. 0-0 e5 11. Qd2 Nf6 12. Na3 0-0 13. Rac1 b6 14. b4 Nd7 15. Nb5 Qe7 16. Ba3 Rfc8 17. Bg4 a6 18. Bxd7 Qxd7 0-1

[Event "BRA-ch 87th"]
[Site "Cuiaba"]
[Date "2021.10.29"]
[Round "2"]
[White "Costa, Ricardo Santos"]
[Black "Pasqualotto, Amos Petronio"]
[Result "1-0"]
[WhiteElo "1834"]
[BlackElo "1436"]
[PlyCount "55"]
[EventDate "2021.10.28"]
[EventType "swiss"]
[EventRounds "11"]
[EventCountry "BRA"]
[SourceTitle "CBM 205 Extra"]
[Source "ChessBase"]
[SourceDate "2022.01.31"]
[SourceVersion "1"]
[SourceVersionDate "2022.01.31"]
[SourceQuality "1"]

1. Nf3 d5 2. d4 Nf6 3. e3 Bg4 4. c4 c6 5. Nc3 e6 6. Bd3 Nbd7 7. cxd5 cxd5 8. 0-0 Be7 9. Bd2 0-0 10. Re1 a6 11. Rc1 Rc8 12. h3 Bh5 13. e4 dxe4 14. Nxe4 Rxc1 15. Bxc1 Qb6 16. Nxf6+ Nxf6 17. b3 Rd8 18. g4 Bg6 19. Bxg6 hxg6 20. Be3 Qc7 21. Qe2 Nd5 22. Rc1 Qb8 23. Ne5 Nxe3 24. Qxe3 Bf6 25. Rc4 Rd5 26. Qc3 Qa7 27. Rc8+ Kh7 28. Nxf7 1-0

[Event "BRA-ch 87th"]
[Site "Cuiaba"]
[Date "2021.10.28"]
[Round "1"]
[White "Pasqualotto, Amos Petronio"]
[Black "Filimberti Uczai, Joao Pedro"]
[Result "0-1"]
[WhiteElo "1436"]
[BlackElo "2058"]
[PlyCount "44"]
[EventDate "2021.10.28"]
[EventType "swiss"]
[EventRounds "11"]
[EventCountry "BRA"]
[SourceTitle "CBM 205 Extra"]
[Source "ChessBase"]
[SourceDate "2022.01.31"]
[SourceVersion "1"]
[SourceVersionDate "2022.01.31"]
[SourceQuality "1"]

1. d4 e6 2. c4 f5 3. Nc3 Nf6 4. Nf3 Bb4 5. Bd2 0-0 6. e3 Qe7 7. Bd3 b6 8. a3 Bxc3 9. Bxc3 Bb7 10. 0-0 d6 11. Re1 Ne4 12. Rc1 Nd7 13. Be2 Rf6 14. d5 e5 15. Nd2 Raf8 16. Nxe4 fxe4 17. Rf1 Rg6 18. Qe1 Qg5 19. g3 Bc8 20. f4 exf3 21. Rxf3 Nf6 22. h4 Qxh4 0-1

[Event "Santa Catarina State-ch 67th"]
[Site "Rio Negrinho"]
[Date "2021.10.23"]
[Round "1"]
[White "Pasqualotto, Amos Petronio"]
[Black "Caetano, Ryan Wesley da Cost"]
[Result "0-1"]
[WhiteElo "1436"]
[BlackElo "2205"]
[PlyCount "40"]
[EventDate "2021.10.21"]
[EventType "swiss"]
[EventRounds "7"]
[EventCountry "BRA"]
[SourceTitle "EXT 2023"]
[Source "ChessBase"]
[SourceDate "2022.10.05"]
[SourceVersion "1"]
[SourceVersionDate "2022.10.05"]
[SourceQuality "1"]

1. d4 Nf6 2. c4 g6 3. Nc3 Bg7 4. Bf4 0-0 5. e3 d6 6. Nf3 Nc6 7. h3 Nd7 8. Rb1 e5 9. Bg3 exd4 10. Nxd4 Nxd4 11. exd4 Nf6 12. Bd3 Nh5 13. Bc2 Re8+ 14. Ne2 Nxg3 15. fxg3 Qe7 16. d5 Bd7 17. Bd3 Qe3 18. Kf1 Re5 19. Qc2 Rae8 20. Re1 Bf5 0-1

[Event "Timbo op"]
[Site "Timbo"]
[Date "2021.02.21"]
[Round "5"]
[White "Nunes, Agatha Hurba"]
[Black "Pasqualotto, Amos Petronio"]
[Result "1-0"]
[WhiteElo "1776"]
[BlackElo "1438"]
[PlyCount "59"]
[EventDate "2021.02.19"]
[EventType "swiss"]
[EventRounds "6"]
[EventCountry "BRA"]
[SourceTitle "EXT 2022"]
[Source "ChessBase"]
[SourceDate "2021.10.06"]
[SourceVersion "1"]
[SourceVersionDate "2021.10.06"]
[SourceQuality "1"]

1. d4 g6 2. c4 Bg7 3. Nc3 Nf6 4. Bf4 d6 5. e3 0-0 6. h3 Nbd7 7. Nf3 c5 8. Be2 cxd4 9. exd4 Nh5 10. Bh2 Bh6 11. 0-0 Ndf6 12. c5 Nf4 13. Re1 Bf5 14. Nh4 Bxh3 15. Bxf4 Bxf4 16. gxh3 Qd7 17. Bg4 Qc7 18. Ng2 dxc5 19. dxc5 Rad8 20. Qe2 Nxg4 21. hxg4 Bg5 22. Qe5 Qxe5 23. Rxe5 Bf6 24. Re2 Rd4 25. Ne4 Rc8 26. Rc1 b6 27. Nxf6+ exf6 28. c6 Rxg4 29. Rd2 Rg5 30. c7 1-0

[Event "Timbo op"]
[Site "Timbo"]
[Date "2021.02.19"]
[Round "2"]
[White "Pasqualotto, Amos Petronio"]
[Black "Daumann, Lorena"]
[Result "1-0"]
[WhiteElo "1438"]
[BlackElo "1800"]
[PlyCount "73"]
[EventDate "2021.02.19"]
[EventType "swiss"]
[EventRounds "6"]
[EventCountry "BRA"]
[SourceTitle "EXT 2022"]
[Source "ChessBase"]
[SourceDate "2021.10.06"]
[SourceVersion "1"]
[SourceVersionDate "2021.10.06"]
[SourceQuality "1"]

1. c4 c5 2. Nc3 e5 3. g3 Nf6 4. Bg2 d6 5. e4 Nc6 6. d3 Be6 7. Nge2 Nd4 8. h3 Be7 9. Bg5 Nd7 10. Bxe7 Qxe7 11. Nxd4 cxd4 12. Nd5 Bxd5 13. cxd5 Rc8 14. 0-0 Nf6 15. Qa4+ Qd7 16. Qxd7+ Kxd7 17. Rac1 g5 18. h4 gxh4 19. Bh3+ Ke7 20. Rxc8 Ne8 21. Kh2 hxg3+ 22. fxg3 h5 23. Rb8 b6 24. Rb7+ Kf8 25. Rbxf7+ Kg8 26. Rf8+ Kg7 27. Rxh8 Kxh8 28. Rf8+ Kg7 29. Rxe8 Kf6 30. Re6+ Kg5 31. Rxd6 h4 32. Re6 b5 33. d6 hxg3+ 34. Kxg3 b4 35. d7 a5 36. d8Q+ Kh5 37. Qh4# 1-0

[Event "Florianopolis op 7th"]
[Site "Florianopolis"]
[Date "2021.01.21"]
[Round "6"]
[White "Pasqualotto, Amos Petronio"]
[Black "Almeida, Douglas de Castro"]
[Result "0-1"]
[WhiteElo "1427"]
[BlackElo "1789"]
[PlyCount "118"]
[EventDate "2021.01.18"]
[EventType "swiss"]
[EventRounds "10"]
[EventCountry "BRA"]
[SourceTitle "CBM 200 Extra"]
[Source "ChessBase"]
[SourceDate "2021.03.31"]
[SourceVersion "1"]
[SourceVersionDate "2021.03.31"]
[SourceQuality "1"]

1. e4 c5 2. Bc4 d6 3. d3 e6 4. Nc3 Nf6 5. Bg5 h6 6. Bxf6 Qxf6 7. Nf3 g6 8. 0-0 Bg7 9. Re1 0-0 10. Rb1 a6 11. a3 Nc6 12. Qd2 b5 13. Ba2 Bb7 14. h3 Rad8 15. Ne2 d5 16. exd5 exd5 17. Qf4 Rfe8 18. Qxf6 Bxf6 19. Nf4 Rxe1+ 20. Nxe1 Nd4 21. c3 Nf5 22. Nf3 Kg7 23. Re1 b4 24. cxb4 cxb4 25. axb4 Kf8 26. Ne5 Nd4 27. Ng4 Kg7 28. Ne3 Ne6 29. Nxe6+ fxe6 30. Ng4 Rd6 31. Ne5 Bxe5 32. Rxe5 Kf7 33. d4 Rb6 34. Re2 Rxb4 35. Rc2 Kf6 36. Kf1 Rxd4 37. Rc7 Rb4 38. b3 d4 39. Rc4 Rxc4 40. bxc4 e5 41. g3 Bf3 42. Ke1 Ke6 43. c5+ Bd5 44. Bb1 g5 45. Bd3 Kd7 46. Kd2 Kc6 47. Bxa6 Kxc5 48. f4 exf4 49. gxf4 gxf4 50. Be2 Bg2 51. Ke1 Bxh3 52. Bf3 d3 53. Kd2 Kd4 54. Bh5 Bf1 55. Bf3 Be2 56. Bxe2 dxe2 57. Kxe2 Ke4 58. Kf2 f3 59. Kf1 Ke3 0-1

[Event "Florianopolis op 6th"]
[Site "Florianopolis"]
[Date "2020.01.21"]
[Round "3"]
[White "Almeida, Bianca Martins"]
[Black "Pasqualotto, Amos Petronio"]
[Result "0-1"]
[WhiteElo "1175"]
[BlackElo "1419"]
[PlyCount "138"]
[EventDate "2020.01.20"]
[EventType "swiss"]
[EventRounds "10"]
[EventCountry "BRA"]
[SourceTitle "CBM 194 Extra"]
[Source "ChessBase"]
[SourceDate "2020.03.31"]
[SourceVersion "1"]
[SourceVersionDate "2020.03.31"]
[SourceQuality "1"]

1. e4 g6 2. Nf3 Bg7 3. d4 d6 4. Nc3 a6 5. h3 Nd7 6. Bc4 e6 7. Be3 b5 8. Bb3 c5 9. a3 Bb7 10. Bg5 Qc7 11. 0-0 cxd4 12. Nxd4 Nc5 13. Re1 Nxb3 14. Nxb3 Nf6 15. Rb1 0-0 16. Nd2 Nd7 17. Nf3 Rac8 18. Be7 Bxc3 19. bxc3 Rfe8 20. Qxd6 Qxd6 21. Bxd6 Rxc3 22. Rbc1 Rec8 23. Re2 R3c4 24. e5 Be4 25. Ne1 Nb6 26. f3 Bd5 27. Nd3 Nd7 28. Kf2 R4c6 29. Nb4 Rb6 30. Nxd5 exd5 31. Rd2 Rbc6 32. Rxd5 Rxc2+ 33. Rxc2 Rxc2+ 34. Kg3 Rc6 35. Bb4 Nb6 36. Rd6 Rxd6 37. exd6 f6 38. Kf4 Kf7 39. Ke4 Ke6 40. Kd4 Nc4 41. Kc5 Kd7 42. Bc3 Nxa3 43. Bxf6 Nc4 44. f4 Nxd6 45. Kb6 b4 46. Kxa6 Ke6 47. Bh8 b3 48. Ka5 b2 49. Bxb2 Nc4+ 50. Kb4 Nxb2 51. Kc3 Nd1+ 52. Kd2 Nb2 53. Ke3 Nc4+ 54. Kf3 Kf5 55. g4+ Kf6 56. Ke4 Nd6+ 57. Kf3 h6 58. h4 h5 59. f5 gxf5 60. gxh5 Nf7 61. Kf4 Nh6 62. Kf3 Ke5 63. Kg3 Ke4 64. Kf2 Kf4 65. Ke2 Kg3 66. Ke3 f4+ 67. Ke4 f3 68. Ke5 f2 69. Ke6 f1Q 0-1

[Event "Caioba Copel op 5th"]
[Site "Caioba"]
[Date "2019.08.15"]
[Round "1"]
[White "Pasqualotto, Amos Petronio"]
[Black "Brusamolin, Valerio"]
[Result "0-1"]
[WhiteElo "1438"]
[BlackElo "1924"]
[PlyCount "78"]
[EventDate "2019.08.15"]
[EventType "swiss"]
[EventRounds "6"]
[EventCountry "BRA"]
[SourceTitle "EXT 2020"]
[Source "ChessBase"]
[SourceDate "2019.10.17"]
[SourceVersion "1"]
[SourceVersionDate "2019.10.17"]
[SourceQuality "1"]

1. d4 d5 2. Bf4 Nf6 3. e3 e6 4. Nf3 Bd6 5. Bxd6 cxd6 6. c3 0-0 7. Be2 Nc6 8. 0-0 e5 9. Nbd2 Bg4 10. Ne1 Bxe2 11. Qxe2 Re8 12. Qb5 Qc7 13. Nc2 a6 14. Qe2 Rac8 15. Qd1 Qb6 16. Nb3 a5 17. Rb1 Qd8 18. Qe2 Qb6 19. Na3 a4 20. Nd2 exd4 21. Qb5 Qxb5 22. Nxb5 dxe3 23. fxe3 Re6 24. Rbe1 Ng4 25. Rf4 Nxe3 26. Nxd6 Rxd6 27. Rxe3 b5 28. Nf3 f6 29. Nd4 Nxd4 30. Rxd4 Kf7 31. Kf2 Rc4 32. Ree4 Rxd4 33. Rxd4 Ke6 34. Ke3 Kd7 35. Rg4 g6 36. Rh4 h5 37. g4 hxg4 38. Rxg4 f5 39. Kf4 fxg4 0-1

[Event "Florianopolis op 4th"]
[Site "Florianopolis"]
[Date "2018.01.24"]
[Round "8"]
[White "Pasqualotto, Amos Petronio"]
[Black "Prantes, Maicon da Silva"]
[Result "0-1"]
[WhiteElo "1457"]
[BlackElo "1806"]
[PlyCount "30"]
[EventDate "2018.01.19"]
[EventType "swiss"]
[EventRounds "10"]
[EventCountry "BRA"]
[SourceTitle "EXT 2019"]
[Source "ChessBase"]
[SourceDate "2018.10.10"]
[SourceVersion "1"]
[SourceVersionDate "2018.10.10"]
[SourceQuality "1"]

1. d4 d5 2. Bf4 e6 3. e3 Nf6 4. h3 c5 5. c3 Nc6 6. Nd2 Bd6 7. Bxd6 Qxd6 8. g4 0-0 9. Ngf3 Ne8 10. Be2 a6 11. Qc2 cxd4 12. cxd4 e5 13. Nxe5 Nxe5 14. Qc5 b5 15. Qxd6 Nxd6 0-1